000 01046naa a22003017a 4500
001 BR8600761
003 BR-BrBNA
005 20240918175627.0
007 ta
008 230509b bl.||||| |||| 00| 0 por d
040 _aBR-BrBNA
_bpor
_cBiblioteca Nacional de Agricultura
041 _a(Pt)
072 _aL10
_b5212
090 _aL10 BR8600761
100 1 _aNicolau Neto, J.
111 1 _aCongresso Brasileiro de Gado Leiteiro
_cCampinas, SP (Brazil)
_d7-11 Oct 1985
245 1 _aTransferencia de embrioes em bovinos
246 1 _a[Embryo transfer in the bovine]
246 1 _a[Milk production technology]
260 3 _aPiracicaba, SP (Brasil):
_c1985.
500 _aTecnologia da producao leiteira Piracicaba, SP (Brasil): 1985. p. 149-151 (BR8600761-AM)L10
650 _aBOVINO
650 _aTRANSFERENCIA DE EMBRIAO
650 _aINSEMINACAO ARTIFICIAL
773 0 _tTecnologia da producao leiteira
_wL10 BR8600761
_gPiracicaba, SP (Brasil), 1985. p. 149-151
909 _a202404
_bLucia
_c55
_dLucia Elande
942 _cAM
_2AGRIS
999 _c317513
_d317513